| 000 | 01065nam a2200325Ia 4500 | ||
|---|---|---|---|
| 001 | Z_1729 | ||
| 003 | CHAP | ||
| 008 | 220113s1999 xx 000 0 und d | ||
| 010 | _a164821 | ||
| 040 | _cCHAP | ||
| 090 | _aTesis N 1395 | ||
| 100 |
_aNavarro López, Adán _980574 |
||
| 245 |
_aEvaluación de cuatro antihelmínticos contravermes gastroentéricos de ovinos semiestabulados en San Salvador, Hidalgo / _cpor Adán Navarro López y Carlos Ortíz Pérez |
||
| 260 |
_aChapingo, Méx. : _bEl autor, _c1999 |
||
| 300 | _a57 h. | ||
| 502 | _aTesis (Ing. Agr. Esp. en Zootecnia) -- UACH. Departamento de Zootecnia | ||
| 650 |
_aAntihelmínticos _96059 |
||
| 650 |
_aEnfermedades _xGanado lanar _9138884 |
||
| 650 |
_aGanado lanar _xEnfermedades _945173 |
||
| 650 |
_aGanado lanar _xParásitos _945208 |
||
| 650 |
_aNemátodos, parásitos de ovino _9138885 |
||
| 650 |
_aParásitos _985652 |
||
| 700 |
_aOrtíz Pérez, Carlos _984127 |
||
| 901 | _aTESIS N 1395 | ||
| 902 | _aM | ||
| 910 | _a1999 | ||
| 942 | _c2 | ||
| 942 | _c2 | ||
| 999 |
_c164821 _d164821 |
||